Fomación de adolescentes / Gabierl de la Mora

Gardado en:
Detalles Bibliográficos
Autor Principal: Mora, Gabriel de la (autor)
Formato: Libro
Edición:México : Continental, 1984
Temas:
Etiquetas: Engadir etiqueta
Sen Etiquetas, Sexa o primeiro en etiquetar este rexistro!

MARC

LEADER 00000nam^a2200000^u^4500
001 000551958
005 20250521000000.0
008 060220s1000^^^^^^^^^^^^r^^^^^000^0^spa^d
009 20260310131607.053
035 |a FMI 000021746 
037 |a Acervo Xavier Clavigero 
096 |a 8.7.1/59/C 
100 |a Mora, Gabriel de la  |e (autor) 
245 1 0 |a Fomación de adolescentes / Gabierl de la Mora 
250 |a México : Continental, 1984 
264 |a 444 p. 
336 |a texto  |b txt  |2 rdacontenido 
337 |a sin mediación  |b n  |2 rdamedio 
338 |a volumen  |b nc  |2 rdasoporte 
649 |a XX 
650 |a Educación \ 2. Jóvenes -- Educación. 
910 |a Fondo Francisco Migoya Covarrubias S.J. 
920 |a Impresos - Libros 
930 |a Fondos Especiales 
905 |a 134 
901 |a SBC14698  |b IT2  |c ESP  |u 20250521 
902 |a https://opac.biblio.iteso.mx/vufind/Record/000551958